Топ двадцатка футбольных стадионов в россии - Statistics

General Stats
  • This quiz has been taken 80 times
  • The average score is 9 of 20
Answers on the Map
Answers color-coded by a green-red scale on the quiz's map according to % correct below.
 
Answer Stats
Answer % Correct
Лукойл Арена
75%
Газпром Арена
73%
Лужники Стадион
66%
ВЭБ Арена
63%
Краснодар Стадион
61%
Ахмат Арена
61%
Фишт Стадион
56%
Мордовия Арена
51%
РЖД Арена
49%
Екатеринбург Арена
46%
ВТБ Арена
46%
Арена Химки
42%
Ак Барс Арена
41%
Нижний Новгород Стадион
41%
Арсенал Стадион
39%
Анжи Арена
27%
Солидарность Арена
25%
Волгоград Арена
24%
Ростех Арена
22%
Ростов Арена
17%
No matching quizzes found
Score Distribution
Percent of People with Each Score
Percentile by Number Answered
Your Score History
You have not taken this quiz